Sports Quiz

Random Sports Quiz

2016 AL West Rosters Quiz Stats

 Plays Quiz not verified by Sporcle

Score 0/253 Timer 20:00
0 Plays Today
Hint Answer % Correct
Los Angeles Angels of AnaheimMike Trout
83%
Seattle MarinersRobinson Cano
80.9%
Seattle MarinersFelix Hernandez
78.7%
Texas RangersAdrian Beltre
76.6%
Houston AstrosJose Altuve
76.6%
Seattle MarinersKyle Seager
74.5%
Seattle MarinersNelson Cruz
74.5%
Houston AstrosCarlos Correa
74.5%
Houston AstrosTeoscar Hernandez
74.5%
Texas RangersElvis Andrus
70.2%
Seattle MarinersMike Zunino
68.1%
Seattle MarinersKetel Marte
68.1%
Seattle MarinersLeonys Martin
68.1%
Seattle MarinersSeth Smith
68.1%
Seattle MarinersCody Martin
68.1%
Los Angeles Angels of AnaheimJoe Smith
68.1%
Oakland AthleticsChris Smith
68.1%
Texas RangersMitch Moreland
66%
Texas RangersRougned Odor
66%
Seattle MarinersChris Iannetta
66%
Seattle MarinersAdam Lind
66%
Los Angeles Angels of AnaheimAlbert Pujols
66%
Los Angeles Angels of AnaheimJefry Marte
66%
Oakland AthleticsStephen Vogt
63.8%
Oakland AthleticsKhris Davis
63.8%
Texas RangersJonathan Lucroy
61.7%
Texas RangersCarlos Gomez
61.7%
Houston AstrosCarlos Gomez
61.7%
Houston AstrosEvan Gattis
61.7%
Texas RangersRobinson Chirinos
59.6%
Texas RangersYu Darvish
59.6%
Seattle MarinersHisashi Iwakuma
59.6%
Houston AstrosGeorge Springer
59.6%
Oakland AthleticsSonny Gray
59.6%
Texas RangersShin-Shoo Choo
57.4%
Seattle MarinersDae-ho Lee
57.4%
Houston AstrosDallas Keuchel
57.4%
Los Angeles Angels of AnaheimAndrelton Simmons
57.4%
Oakland AthleticsJosh Reddick
57.4%
Texas RangersBobby Wilson
55.3%
Oakland AthleticsMarcus Semien
55.3%
Texas RangersCole Hamels
53.2%
Houston AstrosJason Castro
53.2%
Houston AstrosMarwin Gonzalez
53.2%
Los Angeles Angels of AnaheimKole Calhoun
53.2%
Oakland AthleticsDanny Valencia
53.2%
Oakland AthleticsBilly Butler
53.2%
Texas RangersJurickson Profar
51.1%
Texas RangersChi Chi Gonzalez
51.1%
Seattle MarinersTaijuan Walker
51.1%
Seattle MarinersJames Paxton
51.1%
Seattle MarinersEdwin Diaz
51.1%
Texas RangersMartin Perez
48.9%
Seattle MarinersNorichika Aoki
48.9%
Seattle MarinersFranklin Gutierrez
48.9%
Houston AstrosLuis Valbuena
48.9%
Houston AstrosColby Rasmus
48.9%
Los Angeles Angels of AnaheimCarlos Perez
48.9%
Los Angeles Angels of AnaheimCJ Cron
48.9%
Los Angeles Angels of AnaheimJered Weaver
48.9%
Los Angeles Angels of AnaheimGarrett Richards
48.9%
Los Angeles Angels of AnaheimCory Rasmus
48.9%
Oakland AthleticsBilly Burns
48.9%
Texas RangersPrince Fielder
46.8%
Texas RangersColby Lewis
46.8%
Oakland AthleticsRich Hill
46.8%
Texas RangersDerek Holland
44.7%
Texas RangersSam Dyson
44.7%
Seattle MarinersJesus Sucre
44.7%
Seattle MarinersSteve Johnson
44.7%
Houston AstrosLance McCullers
44.7%
Houston AstrosKen Giles
44.7%
Oakland AthleticsJed Lowrie
44.7%
Oakland AthleticsCoco Crisp
44.7%
Texas RangersDelino Deshields
42.6%
Texas RangersCarlos Beltran
42.6%
Los Angeles Angels of AnaheimMatt Shoemaker
42.6%
Oakland AthleticsYonder Alonso
42.6%
Oakland AthleticsKendall Graveman
42.6%
Oakland AthleticsRyan Madson
42.6%
Texas RangersIan Desmond
40.4%
Texas RangersNick Martinez
40.4%
Seattle MarinersSteve Cishek
40.4%
Houston AstrosAlex Bregman
40.4%
Houston AstrosLuke Gregerson
40.4%
Hint Answer % Correct
Los Angeles Angels of AnaheimHuston Street
40.4%
Oakland AthleticsRyon Healy
40.4%
Oakland AthleticsSean Doolittle
40.4%
Texas RangersMatt Bush
38.3%
Seattle MarinersSteve Clevenger
38.3%
Houston AstrosCollin McHugh
38.3%
Houston AstrosTyler White
38.3%
Houston AstrosWill Harris
38.3%
Texas RangersRyan Rua
36.2%
Texas RangersJoey Gallo
36.2%
Texas RangersTom Wilhelmsen
36.2%
Seattle MarinersShawn O'Malley
36.2%
Seattle MarinersTom Wilhelmsen
36.2%
Houston AstrosDoug Fister
36.2%
Houston AstrosJake Marisnick
36.2%
Los Angeles Angels of AnaheimYunel Escobar
36.2%
Texas RangersLuke Jackson
34%
Seattle MarinersDan Vogelbach
34%
Seattle MarinersWade Miley
34%
Houston AstrosMike Fiers
34%
Los Angeles Angels of AnaheimJohnny Giavotella
34%
Texas RangersNomar Mazara
31.9%
Seattle MarinersMike Freeman
31.9%
Houston AstrosAJ Reed
31.9%
Seattle MarinersVidal Nuno
29.8%
Houston AstrosYulieski Gurriel
29.8%
Houston AstrosTony Sipp
29.8%
Los Angeles Angels of AnaheimCliff Pennington
29.8%
Oakland AthleticsJosh Phegley
29.8%
Oakland AthleticsJharel Cotton
29.8%
Oakland AthleticsFernando Rodriguez
29.8%
Seattle MarinersGuillermo Heredia
27.7%
Seattle MarinersNathan Karns
27.7%
Seattle MarinersMike Montgomery
27.7%
Los Angeles Angels of AnaheimRicky Nolasco
27.7%
Oakland AthleticsSean Manaea
27.7%
Oakland AthleticsMark Canha
27.7%
Oakland AthleticsMax Muncy
27.7%
Texas RangersShawn Tolleson
25.5%
Seattle MarinersBen Gamel
25.5%
Seattle MarinersAriel Miranda
25.5%
Los Angeles Angels of AnaheimGeovany Soto
25.5%
Los Angeles Angels of AnaheimJett Bandy
25.5%
Los Angeles Angels of AnaheimJC Ramirez
25.5%
Oakland AthleticsBruce Maxwell
25.5%
Oakland AthleticsChad Pinder
25.5%
Texas RangersBryan Holaday
23.4%
Texas RangersJared Hoying
23.4%
Texas RangersHanser Alberto
23.4%
Texas RangersJake Diekman
23.4%
Seattle MarinersNick Vincent
23.4%
Seattle MarinersEvan Scribner
23.4%
Houston AstrosPat Neshek
23.4%
Houston AstrosMichael Feliz
23.4%
Los Angeles Angels of AnaheimJi-Man Choi
23.4%
Los Angeles Angels of AnaheimHector Santiago
23.4%
Oakland AthleticsBrett Eibner
23.4%
Oakland AthleticsRyan Dull
23.4%
Texas RangersAJ Griffin
21.3%
Texas RangersKeone Kela
21.3%
Texas RangersDario Alvarez
21.3%
Seattle MarinersJoaquin Benoit
21.3%
Seattle MarinersTony Zych
21.3%
Houston AstrosPreston Tucker
21.3%
Houston AstrosScott Feldman
21.3%
Los Angeles Angels of AnaheimCraig Gentry
21.3%
Los Angeles Angels of AnaheimAndrew Heaney
21.3%
Los Angeles Angels of AnaheimJose Alvarez
21.3%
Oakland AthleticsJoey Wendle
21.3%
Oakland AthleticsJake Smolinski
21.3%
Oakland AthleticsArismendy Alcantara
21.3%
Oakland AthleticsDaniel Mengden
21.3%
Oakland AthleticsChris Bassitt
21.3%
Oakland AthleticsRaul Alcanatara
21.3%
Oakland AthleticsJohn Axford
21.3%
Texas RangersAlex Claudio
19.1%
Texas RangersJeremy Jeffress
19.1%
Seattle MarinersChris Taylor
19.1%
Seattle MarinersPat Venditte
19.1%
Los Angeles Angels of AnaheimDaniel Nava
19.1%
Los Angeles Angels of AnaheimShane Robinson
19.1%
Los Angeles Angels of AnaheimNick Tropeano
19.1%
Los Angeles Angels of AnaheimTyler Skaggs
19.1%
Oakland AthleticsMatt Olson
19.1%
Oakland AthleticsMatt McBride
19.1%
Hint Answer % Correct
Oakland AthleticsJesse Hahn
19.1%
Oakland AthleticsMark Rzepczynski
19.1%
Texas RangersTanner Scheppers
17%
Seattle MarinersLuis Sardinas
17%
Seattle MarinersWade LeBlanc
17%
Houston AstrosTony Kemp
17%
Houston AstrosJoe Musgrove
17%
Los Angeles Angels of AnaheimCam Bedrosian
17%
Oakland AthleticsDillon Overton
17%
Seattle MarinersJoel Peralta
14.9%
Seattle MarinersDan Altavilla
14.9%
Houston AstrosChris Devenski
14.9%
Oakland AthleticsRenato Nunez
14.9%
Texas RangersBrett Nicholas
12.8%
Texas RangersTony Barnette
12.8%
Seattle MarinersDaniel Robertson
12.8%
Seattle MarinersAdrian Sampson
12.8%
Seattle MarinersArquimedes Caminero
12.8%
Seattle MarinersJonathan Aro
12.8%
Los Angeles Angels of AnaheimTim Lincecum
12.8%
Los Angeles Angels of AnaheimAlex Meyer
12.8%
Los Angeles Angels of AnaheimFernando Salas
12.8%
Oakland AthleticsChris Coghlan
12.8%
Oakland AthleticsZach Neal
12.8%
Seattle MarinersDrew Storen
10.6%
Houston AstrosColin Moran
10.6%
Houston AstrosBrad Peacock
10.6%
Houston AstrosJames Hoyt
10.6%
Houston AstrosKevin Chapman
10.6%
Los Angeles Angels of AnaheimRafael Ortega
10.6%
Los Angeles Angels of AnaheimNick Buss
10.6%
Los Angeles Angels of AnaheimJhoulys Chacin
10.6%
Los Angeles Angels of AnaheimAndrew Bailey
10.6%
Oakland AthleticsTyler Ladendorf
10.6%
Oakland AthleticsRoss Detwiler
10.6%
Oakland AthleticsLiam Hendriks
10.6%
Oakland AthleticsAndrew Triggs
10.6%
Texas RangersLucas Harrell
8.5%
Texas RangersCesar Ramos
8.5%
Seattle MarinersStefen Romero
8.5%
Seattle MarinersDavid Rollins
8.5%
Seattle MarinersBlake Parker
8.5%
Houston AstrosMatt Duffy
8.5%
Los Angeles Angels of AnaheimBrendan Ryan
8.5%
Los Angeles Angels of AnaheimKaleb Cowart
8.5%
Los Angeles Angels of AnaheimTodd Cunningham
8.5%
Los Angeles Angels of AnaheimMike Morin
8.5%
Los Angeles Angels of AnaheimDeolis Guerra
8.5%
Los Angeles Angels of AnaheimJavy Guerra
8.5%
Oakland AthleticsEric Surkamp
8.5%
Texas RangersYohander Mendez
6.4%
Houston AstrosErik Kratz
6.4%
Houston AstrosJosh Fields
6.4%
Los Angeles Angels of AnaheimGregorio Petit
6.4%
Los Angeles Angels of AnaheimJose Valdez
6.4%
Oakland AthleticsDaniel Coulombe
6.4%
Oakland AthleticsJB Wendelken
6.4%
Texas RangersDrew Stubbs
4.3%
Texas RangersKyle Lohse
4.3%
Texas RangersAnthony Ranaudo
4.3%
Seattle MarinersMayckol Guaipe
4.3%
Seattle MarinersDonn Roach
4.3%
Houston AstrosMax Stassi
4.3%
Houston AstrosDanny Worth
4.3%
Houston AstrosBrady Rodgers
4.3%
Houston AstrosDavid Paulino
4.3%
Los Angeles Angels of AnaheimDaniel Wright
4.3%
Oakland AthleticsAndrew Lambo
4.3%
Texas RangersPhil Klein
2.1%
Seattle MarinersJoe Wieland
2.1%
Houston AstrosJandel Gustave
2.1%
Los Angeles Angels of AnaheimJuan Graterol
2.1%
Los Angeles Angels of AnaheimGreg Mahle
2.1%
Los Angeles Angels of AnaheimCody Ege
2.1%
Los Angeles Angels of AnaheimBrett Oberholtzer
2.1%
Los Angeles Angels of AnaheimAl Alburquerque
2.1%
Texas RangersJustin Ruggiano
0%
Texas RangersJose Leclerc
0%
Texas RangersAndrew Faulkner
0%
Texas RangersMichael Roth
0%
Los Angeles Angels of AnaheimDavid Huff
0%
Los Angeles Angels of AnaheimAJ Achter
0%
Oakland AthleticsPatrick Schuster
0%

You're not logged in!

Compare scores with friends on all Sporcle quizzes.
OR
Log In

Show Comments

Extras

Top Quizzes Today


Score Distribution

Your Account Isn't Verified!

In order to create a playlist on Sporcle, you need to verify the email address you used during registration. Go to your Sporcle Settings to finish the process.

Report this User

Report this user for behavior that violates our Community Guidelines.

Details: